| 000 | 01156cam a22002054a 4500 | ||
|---|---|---|---|
| 005 | 20250605163322.0 | ||
| 008 | 250528s ||||||||||||||||||||||||d | ||
| 035 | _a16781 | ||
| 020 | _a9607019792 | ||
| 040 |
_aGR-AtMCL _bgre _dGR-AtMCL _eAACR2 |
||
| 245 | 1 | _aΟργανωτική - Βιομηχανική Ψυχολογία / Επιλογή - Αξιολόγηση Προσωπικού: 2ο Μέρος | |
| 250 | _a2η | ||
| 260 |
_bΕλληνικά Γράμματα, _c1997 |
||
| 300 | _a152 | ||
| 520 | _aΟ δεύτερος τόμος του Α. Κάντα αναφέρεται κυρίως σε θέματα προσωπικού. Η Επιλογή Προσωπικού, Όργανα και Μέθοδοι Επιλογής Προσωπικού, Η Συνέντευξη Επιλογής, Η Αξιολόγηση Προσωπικού, Η Εκπαίδευση Προσωπικού, Ανάπτυξη και Εξέλιξη και Διαχείριση της Σταδιοδρομίας, Βιβλιογραφία, Ευρετήριο Όρων. | ||
| 700 | 1 | _aΚάντας Αριστοτέλης | |
| 942 | _cBK | ||
| 999 |
_c2246 _d2246 |
||